000 00895nam a22001935i 4500
001 167329
003 ES-MaACL
005 20250818063113.0
008 010504e1861 fr ab |||| | fre d
040 _aCCPB | B
_bspa
_cCCPB | B
100 1 _aVerneuil, Édouard de,
_d1805-1873
_9114176
245 1 0 _aCoupes du versant meridional des Pyrénees /
_cpar Veneuil et Keyserling.
260 _aParis :
_b[s.n.,
_c1861?] (
_fimprimerie de L. Martinet)
300 _a18 p., [1] h. de map. pleg. ;
_c21 cm.
651 4 _aPirineos-
_xGeografía.
_9137313
700 0 _aKeyserling, Alexander.
_967981
852 _aES-MaACL
_jB-8308(6)
_z-- Enc. tela plastificada, conservando la cub. original.- Encuadernado en un vol. facticio agrupado con el nombre en el lomo: España, geología, memorias y documentos varios I-X
_z-- Legado de Federico de Botella y de Hornos
999 _c167329
_d167329